00965naa a2200229 i 4500001000400000003000400004005001700008008003900025040000800064080001000072100014200082245009800224260001000322500002600332650002600358655003000384711007200414773008100486700014000567942001300707999001500720BPPBPK20180412112417.0140401s1987 pl f |100 0 pol cBPK a621.5 aBOHDAL, Tadeusz.d1976 - 1996.bWyższa Szkoła Inżynierska w Koszalinie - Wydział Mechaniczny,cZakład Termodynamiki i Chłodnictwa aWymiana ciepła przy wrzeniu przechłodzonym freonu w kanale /cTadeusz Bohdal, Marian Czapp. c1987. aDane z kartoteki bpp. 0aCzynniki chłodnicze. 0aMateriały konferencyjne. aZjazd Termodynamików n(13 ;d1987 ;cKozubnik-Poręba, Polska). iW : tMateriały XIII Zjazdu Termodynamików Polskich. -d1987. -gs. 69-74 aCZAPP, Marian.d1982 - 1996.bWyższa Szkoła Inżynierska w Koszalinie - Wydział Mechaniczny,cZakład Termodynamiki i Chłodnictwa cART2UKD c6600d6600